000 00757nam a22002417a 4500
003 OSt
005 20160913153916.0
008 160303b xxu||||| |||| 00| 0 eng d
020 _a978-0-415-49623-0
040 _cLIC
082 _22010
_aDC 612.44
_bOd26
100 _93390
_aO'Donoghue, Peter
245 _aResearch methods for sports performance analysis/
_cPeter O'Donoghue.
260 _aLondon:
_bRoutledge,
_c©2010.
300 _axv, 278 pages;
_c23 cm.
365 _b3,844.50
_cPhp
500 _aIncludes bibliographical references and index.
650 0 _93391
_aSports sciences
_xResearch
650 0 _93392
_aSports
_xResearch
650 0 _93394
_aSports
_xStudy and teaching
650 0 _93395
_aSports
_xPsychological aspects
942 _2ddc
_cDC
999 _c1191
_d1191